00719nam a2200253Ia 450000500170000000800460001702000180006303700100008104000080009104000080009904000080010704100080011504100080012308400080013110000340013924500730017326000320024626000090027865000160028785600400030394200100034399900210035395200910037420260306163608.0008 260114s9999 xx 000 0 eng d a9781526152138 aEBOOK aCRL beng cCRL 2eng aeng qCRL aGriffin, Leibetseder91128959 0aBodily Interventions And Intimate Labour: Understanding Bioprecarity bManchester University Press c2020 aSocial Work uhttps://academic.oup.com/book/31336 cEBOOK c1710734d1710734 00104070aCRLbCRLd2026-03-06l0pCL2003255r2026-03-06 16:36:08w2026-03-06yEBOOK